[Event "Wch U20"]
[Site "Mamaia"]
[Date "1991.??.??"]
[Round "?"]
[White "Seres, Lajos"]
[Black "Buckley, Graeme"]
[Result "1-0"]
[WhiteElo "2305"]
[BlackElo "2285"]

1.d4 Nf6 2.Nf3 g6 3.c4 Bg7 4.g3 O-O 5.Bg2 d6 6.O-O Nbd7 7.Nc3 e5 8.e4 exd4
9.Nxd4 Re8 10.h3 Nc5 11.Re1 a5 12.Qc2 c6 13.Be3 a4 14.Rad1 Qa5 15.Bf4 Ne6
16.Bxd6 Nxd4 17.Rxd4 Nd5 18.e5 Bf5 19.Qd2 Nxc3 20.Qxc3 Qxc3 21.bxc3 g5 22.c5 f6
23.f4 gxf4 24.gxf4 Re6 25.Rb4 fxe5 26.fxe5 Rae8 27.Bf1 Kh8 28.Bc4 Rg6+ 29.Kh2 Be6
30.Rxa4 Bd5 31.Bxd5 cxd5 32.Rd4 Bh6 33.Re2 Bc1 34.a4 h5 35.c4 dxc4 36.Rxc4 Bh6
37.Rg2 Kh7 38.Rb4 Rxg2+ 39.Kxg2 Kg6 40.Rxb7 Bg7 41.c6  1-0

[Event "Wch U20"]
[Site "Mamaia"]
[Date "1991.??.??"]
[Round "?"]
[White "Delchev, Aleksander"]
[Black "Seres, Lajos"]
[Result "1-0"]
[WhiteElo "2405"]
[BlackElo "2305"]

1.d4 Nf6 2.c4 g6 3.g3 Bg7 4.Bg2 O-O 5.Nf3 d6 6.O-O Nbd7 7.Qc2 e5 8.Rd1 Qe7
9.e4 h6 10.Nc3 c6 11.Rb1 Nh7 12.b4 Ng5 13.Nxg5 hxg5 14.d5 c5 15.a3 f5 16.Nb5 Rf7
17.exf5 gxf5 18.g4 Nf8 19.bxc5 dxc5 20.d6 Qf6 21.Nc7 Rb8 22.Na6 Ra8 23.Nxc5 e4
24.Bb2 Qh6 25.Bxg7 Rxg7 26.d7 Nxd7 27.Nxd7 Rxd7 28.gxf5 Rxd1+ 29.Qxd1 Bxf5
30.Rxb7 Qf6 31.Qd5+ Be6 32.Qxe4 Rd8 33.Qh7+ Kf8 34.Bd5 Bxd5 35.cxd5 Rxd5
36.Rb8+ Rd8 37.Rxd8+ Qxd8 38.Qh8+  1-0

[Event "Manila op"]
[Site "Manila"]
[Date "1991.??.??"]
[Round "?"]
[White "Mednis, Edmar John"]
[Black "Pacis, Adrian"]
[Result "1-0"]
[WhiteElo "2460"]
[BlackElo "2305"]

1.c4 d6 2.g3 Nf6 3.Bg2 g6 4.d4 Bg7 5.Nf3 O-O 6.O-O c6 7.Nc3 a6 8.e4 b5 9.e5 dxe5
10.Nxe5 bxc4 11.Nxc4 Be6 12.Ne5 Bd5 13.Qa4 Bxg2 14.Kxg2 Nd5 15.Rd1 Nxc3 16.bxc3 Qd5+
17.Nf3 Nd7 18.c4 Qh5 19.Re1 Nc5 20.Qxc6 Rac8 21.Qd5 Qxd5 22.cxd5 Nd3 23.Rd1 Nb4
24.d6 exd6 25.Bf4 Rfd8 26.Bg5 f6 27.Bd2 Nd5 28.Rdc1 Kf7 29.Rab1 Ke6 30.Re1+ Kd7
31.Ba5 Rg8 32.Rb7+ Kc6 33.Reb1 g5 34.a4 h6 35.Ra7 Nc3 36.Bxc3 Kd5 37.Be1  1-0

[Event "WchT U26"]
[Site "Maringa"]
[Date "1991.??.??"]
[Round "6"]
[White "Sorin, Ariel"]
[Black "Lindstedt, Johan"]
[Result "0-1"]
[WhiteElo "2400"]
[BlackElo "2345"]

1.d4 Nf6 2.c4 g6 3.g3 Bg7 4.Bg2 O-O 5.Nf3 d6 6.O-O c5 7.Nc3 Nc6 8.dxc5 dxc5
9.Be3 Be6 10.Bxc5 Qa5 11.Ba3 Bxc4 12.Nd4 Nxd4 13.Qxd4 Rac8 14.Qf4 Nh5 15.Qe3 Bxc3
16.Qxc3 Qxc3 17.bxc3 Rc7  0-1

[Event "Mexico City"]
[Site "Mexico"]
[Date "1991.??.??"]
[Round "6"]
[White "Nogueiras, Jesus"]
[Black "Medina, Carrillo Guilleromo"]
[Result "1-0"]
[WhiteElo "2540"]
[BlackElo "2295"]

1.Nf3 Nf6 2.c4 g6 3.g3 Bg7 4.Bg2 d6 5.d4 O-O 6.O-O Nc6 7.Nc3 a6 8.Bg5 Rb8
9.Rc1 b5 10.d5 Ne5 11.Nxe5 dxe5 12.cxb5 axb5 13.Qd2 Bb7 14.Rfd1 Qd7 15.Bxf6 exf6
16.Ne4 Ba8 17.Qa5 Rfe8 18.Nc5 Qd6 19.Na6 Rb7 20.Rc6 Qd8 21.d6 Ra7 22.d7 Bxc6
23.dxe8=Q+ Qxe8 24.Bxc6 Rxa6 25.Qb4 Rb6 26.Qc4 Bf8 27.Rd7  1-0

[Event "Miedzybrodzie op"]
[Site "Miedzybrodzie"]
[Date "1991.??.??"]
[Round "1"]
[White "Grabarczyk, Miroslaw"]
[Black "Kupreichik, Viktor D"]
[Result "0-1"]
[WhiteElo "2275"]
[BlackElo "2460"]

1.d4 Nf6 2.c4 g6 3.Nf3 Bg7 4.g3 O-O 5.Bg2 d6 6.Nc3 Nc6 7.O-O e5 8.d5 Ne7
9.c5 Ne8 10.cxd6 cxd6 11.a4 f5 12.Ng5 Nc7 13.Qb3 h6 14.Ne6 Nxe6 15.dxe6 e4
16.Rd1 d5 17.Be3 Bxe6 18.Qxb7 d4 19.Qa6 Bb3 20.Rd2 Rf6 21.Qb5 Rb6 22.Qc5 Rc8
23.Rxd4 Bxd4 24.Qxd4 Qxd4 25.Bxd4 Rb7 26.Nb5 Rd8 27.Bxa7 Ra8 28.Bc5 Rxb5
29.Bxe7 Rxa4 30.Re1 Kf7 31.Ba3 Rd4 32.f3 e3 33.f4 g5 34.Rc1 Rc4 35.Rf1 g4
36.h3 h5 37.hxg4 hxg4 38.Ra1 Rc2 39.Bd6 Bd5  0-1

[Event "Miedzybrodzie op"]
[Site "Miedzybrodzie"]
[Date "1991.??.??"]
[Round "3"]
[White "Matlak, Marek"]
[Black "Kupreichik, Viktor D"]
[Result "0-1"]
[WhiteElo "2405"]
[BlackElo "2460"]

1.d4 Nf6 2.Nf3 g6 3.c4 Bg7 4.g3 O-O 5.Bg2 d6 6.O-O Nc6 7.d5 Na5 8.Nfd2 c6
9.a3 Bf5 10.e4 Bg4 11.f3 Bd7 12.b4 Nxd5 13.exd5 Bxa1 14.bxa5 Qxa5 15.Nb3 Qb6+
16.c5 dxc5 17.Be3 Bf6 18.Nxc5 cxd5 19.Qxd5 Bc6 20.Qd2 Rfd8 21.Qe1 Bd4 22.Bxd4 Rxd4
23.Qc3 Rd5 24.Rc1 Rc8 25.Nd2 Rxc5 26.Qxc5 Bd5  0-1

[Event "Miedzybrodzie op"]
[Site "Miedzybrodzie"]
[Date "1991.??.??"]
[Round "4"]
[White "Grabarczyk, Miroslaw"]
[Black "Drozdov, Igor"]
[Result "1-0"]
[WhiteElo "2275"]
[BlackElo "2360"]

1.d4 Nf6 2.c4 g6 3.Nf3 Bg7 4.g3 O-O 5.Bg2 d6 6.Nc3 Nbd7 7.O-O e5 8.e4 c6
9.h3 Qb6 10.d5 cxd5 11.cxd5 Nc5 12.Qe2 Bd7 13.Be3 Rfc8 14.Rab1 Qa6 15.Qxa6 bxa6
16.Nd2 Nd3 17.Rfd1 Nxb2 18.Rxb2 Rxc3 19.Bf1 a5 20.Rdb1 h6 21.Kg2 Ba4 22.Rb8+ Rxb8
23.Rxb8+ Kh7 24.Rd8 Bc2 25.Kf3 Ra3 26.Rxd6 Ra4 27.Rc6 Bxe4+ 28.Nxe4 Nxe4
29.d6 Ng5+ 30.Bxg5 hxg5 31.Bc4 Bf6 32.d7 Be7 33.Rc8 e4+ 34.Kxe4 Rb4 35.Kf3 Kg7
36.Bd5  1-0

[Event "POL-chT"]
[Site "Mikolajki"]
[Date "1991.??.??"]
[Round "9"]
[White "Pieniazek, Andrzej"]
[Black "Stypka, Mieczyslaw"]
[Result "1-0"]
[WhiteElo "2240"]
[BlackElo "2270"]

1.d4 Nf6 2.c4 g6 3.Nf3 Bg7 4.g3 O-O 5.Bg2 d6 6.Nc3 Nc6 7.d5 Na5 8.Nd2 c5
9.O-O a6 10.Rb1 Rb8 11.b3 b5 12.Bb2 Bf5 13.e4 Bg4 14.f3 Bd7 15.Qc2 e5 16.Ne2 Qe7
17.Rbe1 Nb7 18.Nc1 b4 19.Nd3 Rbe8 20.f4 Ng4 21.h3 Nh6 22.fxe5 dxe5 23.Nf3 f6
24.a3 a5 25.Ra1 Nf7 26.axb4 axb4 27.Ra7 Rb8 28.Re1 Nfd6 29.Qf2 Rfc8 30.g4 g5
31.Nh2 Qd8 32.Rea1 Be8 33.Nf1 h5 34.Ne3 Bg6 35.Nf5 Bxf5 36.gxf5 Rc7 37.Bc1 Bf8
38.Be3 Qc8 39.R1a6 Be7 40.Qa2 Qd7 41.Ra8 Rxa8 42.Rxa8+ Kg7 43.Qe2 Rc8 44.Rxc8 Qxc8
45.Qxh5 Nxf5 46.exf5 Qxf5 47.Nf2 Qg6 48.Qxg6+ Kxg6 49.d6 Nxd6 50.Bxc5 f5
51.Bxb4 e4 52.Bxd6 Bxd6 53.Bxe4 fxe4 54.Nxe4 Be7 55.Kf2 Kf5 56.Ke3 Ke5 57.c5 Kd5
58.Kd3 Bxc5 59.Nxc5 Kxc5 60.Ke4  1-0

[Event "Mondorf op"]
[Site "Mondorf"]
[Date "1991.??.??"]
[Round "4"]
[White "Paehtz, Thomas Sr"]
[Black "Watson, William N"]
[Result "1/2-1/2"]
[WhiteElo "2465"]
[BlackElo "2525"]

1.d4 Nf6 2.Nf3 g6 3.c4 Bg7 4.g3 O-O 5.Bg2 d6 6.O-O Nbd7 7.Nc3 e5 8.h3 Re8
9.e4 exd4 10.Nxd4 a6 11.Re1 Rb8 12.b3 c5 13.Nc2 b5 14.cxb5 axb5 15.Qxd6 b4
16.Na4 Bb7 17.Bg5 Bxe4 18.Bxe4 Nxe4 19.Bxd8 Nxd6 20.Bc7 Bxa1 21.Rxa1 Re2
22.Bxd6 Rxc2 23.Bxb8 Nxb8 24.Rd1 Nc6 25.Rd5 Rxa2 26.Rxc5 Nd4  1/2-1/2

[Event "Mondorf op"]
[Site "Mondorf"]
[Date "1991.??.??"]
[Round "6"]
[White "Adrian, Claude"]
[Black "Van Wely, Loek"]
[Result "0-1"]
[WhiteElo "2275"]
[BlackElo "2475"]

1.Nf3 g6 2.d4 Nf6 3.c4 Bg7 4.g3 O-O 5.Bg2 d6 6.O-O Nbd7 7.Qc2 e5 8.e4 exd4
9.Nxd4 Re8 10.Nc3 a6 11.Rd1 Rb8 12.Bf4 Ne5 13.c5 Bg4 14.f3 Bd7 15.cxd6 cxd6
16.Rac1 b5 17.b3 b4 18.Nd5 Nxd5 19.exd5 Rc8 20.Qd2 Qa5 21.Nc6 Bxc6 22.dxc6 Rxc6
23.Rxc6 Nxc6 24.Qxd6 Qb6+ 25.Kh1 Rd8 26.Re1 Bc3 27.Bh6  0-1

[Event "FRA-ch Acc"]
[Site "Montpellier"]
[Date "1991.??.??"]
[Round "3"]
[White "Moulain, Jean Pierre"]
[Black "Ladisic, Alex Sacha"]
[Result "0-1"]
[WhiteElo "2225"]
[BlackElo "2140"]

1.d4 Nf6 2.Nf3 g6 3.g3 Bg7 4.Bg2 O-O 5.c4 d6 6.Nc3 Nc6 7.O-O a6 8.h3 Bf5
9.d5 Na5 10.Nd4 Bd7 11.Qd3 c5 12.Nc2 b5 13.b3 Rb8 14.Re1 Qc7 15.e4 e5 16.Ne3 Nh5
17.Qd1 Nf4 18.Kh2 f5 19.Bf1 b4 20.Nb1 fxe4 21.gxf4 exf4 22.Nc2 Rbe8 23.Nd2 Bf5
24.Rb1 Qd8 25.Bb2 Qh4 26.Re2 f3 27.Re3 Qxf2+ 28.Kh1 Bc3 29.Rxc3 bxc3 30.Bxc3 e3
31.Bxa5 e2 32.Qe1 Qxe1 33.Rxe1 Bxc2 34.Nxf3 exf1=Q+ 35.Rxf1 Be4 36.Kg2 Rxf3  0-1

[Event "FRA-ch Acc"]
[Site "Montpellier"]
[Date "1991.??.??"]
[Round "4"]
[White "Daillet, Emmanuel"]
[Black "Petit, Eric"]
[Result "1-0"]
[WhiteElo "2295"]
[BlackElo "2210"]

1.d4 Nf6 2.c4 g6 3.Nf3 Bg7 4.g3 O-O 5.Bg2 d6 6.O-O Nbd7 7.Nc3 e5 8.e4 c6
9.h3 a6 10.Rb1 b5 11.cxb5 cxb5 12.b4 exd4 13.Nxd4 Bb7 14.Nb3 Rc8 15.Na5 Ba8
16.Nd5 Re8 17.Re1 Nb6 18.Be3 Na4 19.Qd3 Nb2 20.Qf1 Bxd5 21.exd5 Nc4 22.Nc6 Qd7
23.Qd3 Nxe3 24.Rxe3 Rxe3 25.fxe3 Re8 26.g4 h5 27.g5 Nh7 28.Kh2 Nxg5 29.h4 Nh7
30.Bh3 f5 31.Rg1 Kf7 32.Nd4 Be5+ 33.Kh1 Qe7 34.Nxf5 gxf5 35.Qxf5+ Qf6 36.Qxh7+  1-0

[Event "FRA-ch Acc"]
[Site "Montpellier"]
[Date "1991.??.??"]
[Round "5"]
[White "Collas, Didier"]
[Black "Debard, Michel"]
[Result "0-1"]
[WhiteElo "2280"]
[BlackElo "2150"]

1.d4 Nf6 2.c4 g6 3.Nf3 Bg7 4.g3 O-O 5.Bg2 d6 6.Nc3 Nbd7 7.h3 e5 8.e4 exd4
9.Nxd4 Nc5 10.O-O Re8 11.Re1 a5 12.b3 c6 13.Bf4 h6 14.Qd2 g5 15.e5 Nh7 16.Be3 dxe5
17.Nde2 Qxd2 18.Bxd2 Bf5 19.Be3 Bf8 20.g4 Bg6 21.Ng3 Nf6 22.Bxc5 Bxc5 23.Nce4 Bxe4
24.Nxe4 Nxe4 25.Bxe4 Red8 26.Red1 a4 27.Kf1 Rxd1+ 28.Rxd1 axb3 29.axb3 Ra2
30.f3 Bd4 31.b4 Rf2+ 32.Ke1 Rh2 33.b5 cxb5 34.cxb5 b6 35.Kf1 Rh1+ 36.Ke2 Rxh3
37.Rc1 h5 38.gxh5 Rxh5 39.Rc7 Rh4 40.Bd5 Rf4 41.Rb7 Kg7 42.Kf1 g4 43.Kg2 gxf3+
44.Bxf3 e4 45.Bd1 Kg6 46.Re7 f5 47.Kg3 Rf1  0-1

[Event "FRA-ch Acc"]
[Site "Montpellier"]
[Date "1991.??.??"]
[Round "5"]
[White "Libens, Michel"]
[Black "Ladisic, Alex Sacha"]
[Result "1-0"]
[WhiteElo "2260"]
[BlackElo "2140"]

1.Nf3 Nf6 2.d4 g6 3.g3 Bg7 4.Bg2 O-O 5.c4 d6 6.O-O Nc6 7.Nc3 a6 8.e3 e5 9.d5 Ne7
10.e4 Nd7 11.Ne1 f5 12.f3 Nf6 13.Nd3 Kh8 14.Kh1 Neg8 15.Be3 Nh5 16.Bg1 Qg5
17.Qc1 Qf6 18.Qe1 Qe7 19.c5 Bd7 20.Rc1 Bf6 21.c6 bxc6 22.dxc6 Be6 23.Nb4 Qg7
24.Nbd5 Bd8 25.b4 Qh6 26.Bf2 Rf7 27.a4 Bg5 28.Rc2 Raf8 29.Kg1 fxe4 30.fxe4 Nhf6
31.b5 axb5 32.axb5 Ng4 33.h3 N8f6 34.Nd1 Bc8 35.Ba7 Nxd5 36.Rxf7 Rxf7 37.exd5 Nf6
38.Nf2 Nh5 39.Ne4 Bd8 40.Be3 Qf8 41.Ra2 Nf6 42.Ng5 Re7 43.Ra8 Bf5 44.g4 h6
45.gxf5 hxg5 46.Bxg5 Re8 47.Qh4+  1-0

[Event "FRA-ch Acc"]
[Site "Montpellier"]
[Date "1991.??.??"]
[Round "7"]
[White "Libens, Michel"]
[Black "Mathe, Aurelien"]
[Result "0-1"]
[WhiteElo "2260"]
[BlackElo "2070"]

1.Nf3 Nf6 2.d4 g6 3.g3 Bg7 4.Bg2 O-O 5.c4 d6 6.O-O Nbd7 7.Nc3 e5 8.e4 exd4
9.Nxd4 Re8 10.Nb3 Ne5 11.c5 dxc5 12.Qxd8 Rxd8 13.Nxc5 c6 14.f4 Bf8 15.Nb3 Nd3
16.h3 a5 17.e5 a4 18.Nxa4 Rxa4 19.exf6 Be6 20.Be3 Rda8 21.Rab1 Rxa2 22.Nd4 Bd5
23.Bxd5 cxd5 24.b3 Nc5 25.g4 Ne4 26.f5 Bc5 27.Rbc1 Bxd4 28.Bxd4 Ng3 29.Rf2 Ne2+
30.Rxe2 Rxe2 31.Rc5 Rd2 32.Rxd5 Ra1+ 33.Bxa1 Rxd5 34.Kg2 gxf5  0-1

[Event "FRA-ch Acc"]
[Site "Montpellier"]
[Date "1991.??.??"]
[Round "8"]
[White "Collas, Didier"]
[Black "Berthelot, Yannick"]
[Result "1/2-1/2"]
[WhiteElo "2280"]
[BlackElo "2320"]

1.d4 Nf6 2.c4 g6 3.Nf3 Bg7 4.g3 O-O 5.Bg2 d6 6.Nc3 Nc6 7.O-O a6 8.h3 Rb8
9.Be3 b5 10.Nd2 Bd7 11.d5 Na5 12.cxb5 axb5 13.b4 Nb7 14.Rc1 Qc8 15.Kh2 e6
16.Nde4 Nxd5 17.Nxd5 exd5 18.Qxd5 c6 19.Qd1 d5 20.Nc5 Nxc5 21.Bxc5 Re8 22.e3 Ra8
23.Bd4 Qd8 24.Bxg7 Kxg7 25.Qb3 Qe7 26.a3 Ra4 27.Rc3 Rea8 28.Qb2 Kg8  1/2-1/2

[Event "Moscow3"]
[Site "Moscow"]
[Date "1991.??.??"]
[Round "?"]
[White "Jasnikowski, Zbigniew"]
[Black "Foygel, Igor"]
[Result "1/2-1/2"]
[WhiteElo "2435"]
[BlackElo "2405"]

1.d4 Nf6 2.c4 d6 3.Nf3 g6 4.g3 Bg7 5.Bg2 O-O 6.Nc3 c6 7.O-O Qa5 8.e4 e5 9.h3 Nbd7
10.Re1 exd4 11.Nxd4 Qc5 12.b3 Nd5 13.exd5 Qxd4 14.Bb2 Qxd1 15.Raxd1 c5 16.Ba1 Nf6
17.Nb5 Rd8 18.g4 h6 19.Rd3 Ne8 20.Bxg7 Kxg7 21.f4 a6 22.Rxe8 Rxe8  1/2-1/2

[Event "Moscow2"]
[Site "Moscow"]
[Date "1991.??.??"]
[Round "?"]
[White "Shvedchikov, Anatoli I"]
[Black "Ivanov, M D."]
[Result "0-1"]
[WhiteElo "2395"]
[BlackElo "2280"]

1.d4 g6 2.c4 Nf6 3.Nf3 Bg7 4.g3 O-O 5.Bg2 d6 6.O-O Nc6 7.Nc3 a6 8.b3 Rb8
9.Bb2 b5 10.cxb5 axb5 11.Rc1 b4 12.Na4 Na5 13.Qc2 c6 14.Nd2 Ba6 15.Rfe1 Nd5
16.Nc4 Nxc4 17.bxc4 Nb6 18.Nxb6 Qxb6 19.c5 Qa5 20.cxd6 exd6 21.Bxc6 Qxa2
22.Ra1 Qc4 23.Qa4 Bb7 24.Bxb7 Rxb7 25.Qa6 Qxa6 26.Rxa6 Rc8 27.e3 Rc2 28.Rb1 d5
29.Ra5 Bf8 30.Rxd5 Ra7 31.Bc1 Raa2 32.Rd8 Kg7 33.e4 b3 34.Rb8 Rxf2 35.R8xb3 Rg2+
36.Kf1 Rxh2 37.Kg1 Rag2+ 38.Kf1 Rc2 39.Kg1 Rhe2 40.Kf1 Rxe4 41.Bf4 h5 42.Re1 Rxe1+
43.Kxe1 Kf6 44.Rb5 Ke6 45.Re5+ Kd7 46.Rd5+ Ke8 47.Kd1 Ra2 48.Re5+ Be7 49.Bg5 Ra7
50.Kd2 Kd8 51.Bf4 Bf6 52.Re4 Re7 53.Rxe7 Bxe7 54.Kd3 Kd7 55.Be3 Bd6 56.Bf2 Ke6
57.Ke4 f5+ 58.Ke3 Kd5 59.Kd3 Bc7 60.Ke3 Kc4 61.Kf3 Bb6 62.Kf4 Bxd4 63.Kg5 Bxf2
64.Kxg6 f4  0-1

[Event "Moscow6"]
[Site "Moscow"]
[Date "1991.??.??"]
[Round "?"]
[White "Guliev, Sarhan"]
[Black "Petrushin, Alexander I"]
[Result "1-0"]
[WhiteElo "2375"]
[BlackElo "2360"]

1.d4 Nf6 2.c4 g6 3.Nf3 Bg7 4.g3 O-O 5.Bg2 d6 6.O-O Nbd7 7.Nc3 e5 8.h3 exd4
9.Nxd4 Re8 10.e4 Nc5 11.Re1 c6 12.Qc2 a5 13.Be3 a4 14.Rad1 Nfd7 15.a3 Qa5
16.f4 Nb6 17.Bf1 Be6 18.Nxe6 Rxe6 19.f5 Bxc3 20.Qxc3 Qxc3 21.bxc3 Rxe4 22.Bxc5 Rxe1
23.Rxe1 dxc5 24.fxg6 hxg6 25.Rb1 Nc8 26.Rxb7 Nd6 27.Rc7 Ne4 28.Rxc6 Rd8 29.Bg2 Rd1+
30.Kh2 Rd2 31.h4 Kg7 32.g4 Ra2 33.g5 Nxc3 34.Rxc5 Ne2 35.Bd5 Nf4+ 36.Kg3 Nh5+
37.Kf3 Rxa3+ 38.Ke4 Ng3+ 39.Ke5 Nf5 40.h5 Re3+ 41.Kf4 Re1 42.h6+ Nxh6 43.gxh6+ Kxh6
44.Ra5 Ra1 45.c5 f5 46.c6 a3 47.Rc5  1-0

[Event "Russian Winter op"]
[Site "Moscow"]
[Date "1991.??.??"]
[Round "?"]
[White "Volodin, Viktor"]
[Black "Salov, Sergei"]
[Result "1/2-1/2"]
[WhiteElo "2225"]
[BlackElo "2255"]

1.Nf3 Nf6 2.c4 d6 3.d4 g6 4.g3 Bg7 5.Bg2 O-O 6.O-O Nbd7 7.Nc3 e5 8.e4 c6
9.h3 Qa5 10.Be3 exd4 11.Nxd4 Nb6 12.Nb3 Qh5 13.Qxh5  1/2-1/2

[Event "Russian Winter op"]
[Site "Moscow"]
[Date "1991.??.??"]
[Round "?"]
[White "Bagaturov, Giorgi"]
[Black "Zakharevich, Igor"]
[Result "1/2-1/2"]
[WhiteElo "2430"]
[BlackElo "2310"]

1.d4 Nf6 2.Nf3 g6 3.c4 Bg7 4.g3 O-O 5.Bg2 d6 6.Nc3 Nbd7 7.O-O e5 8.h3 Re8
9.e4 c6 10.d5 cxd5 11.cxd5 Nc5 12.Re1 a5 13.Bf1 a4 14.Nd2 Bh6 15.b4 axb3
16.Nxb3 Bxc1 17.Rxc1 b6 18.Qf3 Ra3 19.Nd2 Ba6 20.Bxa6 Rxa6 21.Rb1 Rf8 22.Qe2 Ne8
23.Rb5 Nc7 24.Rb2 Qd7 25.Kg2 b5 26.Reb1 Ra3 27.Nxb5 Nxb5 28.Qxb5 Qxb5 29.Rxb5 Rxa2
30.R1b2 Rfa8 31.Kf3 R8a3+ 32.Ke2 Ra6 33.f3 Kf8 34.Nc4  1/2-1/2

[Event "Russian Winter op"]
[Site "Moscow"]
[Date "1991.??.??"]
[Round "?"]
[White "Bagaturov, Giorgi"]
[Black "Suchorukow, Andrei"]
[Result "1-0"]
[WhiteElo "2430"]
[BlackElo "2270"]

1.d4 Nf6 2.Nf3 g6 3.c4 Bg7 4.g3 O-O 5.Bg2 d6 6.Nc3 Nc6 7.O-O Rb8 8.b3 Nd7
9.Bb2 e5 10.d5 Ne7 11.e4 h6 12.Ne1 f5 13.Nd3 Nf6 14.f3 c5 15.dxc6 bxc6 16.c5 Ba6
17.Rf2 Bxd3 18.Qxd3 d5 19.exd5 Nfxd5 20.Na4 Nb4 21.Qe2 Qc7 22.Re1 Rfe8 23.Qc4+ Nbd5
24.Rfe2 Rb4 25.Qc1 Rd4 26.Bxd4 exd4 27.f4 Rd8 28.Qc4 Kf8 29.Bxd5 Nxd5 30.Nb2 Qd7
31.Qc1 Nc3 32.Re6 Qd5 33.Nd3 Ne4 34.Qc4 Qxc4 35.bxc4 Rc8 36.Rb1 Rc7 37.Rb8+ Kf7
38.Ree8 Bf6 39.Rf8+ Kg7 40.Rg8+ Kf7 41.Rbf8+ Ke6 42.Rc8 Rb7 43.Rxc6+ Kf7
44.Ra8 g5 45.Kg2 Kg6 46.fxg5 hxg5 47.Re6 Rb1 48.c6 Rd1 49.c7  1-0

[Event "Moscow3"]
[Site "Moscow"]
[Date "1991.??.??"]
[Round "?"]
[White "Zhidkov, Valery S"]
[Black "Cosma, Ioan"]
[Result "1-0"]
[WhiteElo "2425"]
[BlackElo "2405"]

1.Nf3 Nf6 2.c4 g6 3.d4 Bg7 4.g3 O-O 5.Bg2 d6 6.O-O c5 7.Nc3 Nc6 8.dxc5 dxc5
9.Be3 Be6 10.Bxc5 Qa5 11.Ba3 Bxc4 12.Nd2 Be6 13.Qa4 Qxa4 14.Nxa4 Rfd8 15.Rfd1 Bd5
16.e4 Be6 17.Nc5 Bg4 18.Nxb7 Bxd1 19.Nxd8 Rxd8 20.Rxd1 Bf8 21.Bf3 e5 22.Bxf8 Kxf8
23.Nc4 Rc8 24.b3 Ke7 25.Bg2 Rc7 26.f4 exf4 27.gxf4 Nh5 28.Ne3 Nb4 29.Rd4 Rc1+
30.Bf1 Nxa2 31.Nd5+ Kf8 32.Rc4 Rb1 33.b4 Rb2 34.b5 Rb1 35.Kf2 Kg7 36.Ra4 Rb2+
37.Ke3 Rxh2 38.Bc4 Nc1 39.Rxa7 Rc2 40.Rc7 Ng3 41.Kf3 Nh1 42.e5 Rf2+ 43.Ke3 Rb2
44.Nf6  1-0

[Event "Moscow7 op"]
[Site "Moscow"]
[Date "1991.??.??"]
[Round "?"]
[White "Lempert, Igor"]
[Black "Glek, Igor V"]
[Result "1-0"]
[WhiteElo "2440"]
[BlackElo "2530"]

1.d4 Nf6 2.c4 g6 3.g3 Bg7 4.Bg2 O-O 5.Nf3 d6 6.O-O Nc6 7.Nc3 a6 8.Bd2 e5
9.d5 Na5 10.b3 c5 11.Ne1 Bd7 12.e4 b5 13.Qe2 Rb8 14.Nc2 Ne8 15.cxb5 axb5
16.b4 Nc4 17.a4 Nxd2 18.Qxd2 cxb4 19.Nxb5 b3 20.Nca3 f5 21.exf5 Bxf5 22.Qb4 Bd3
23.Qxb3 e4 24.Rad1 Bxf1 25.Rxf1 Bd4 26.Qc2 Bc5 27.Nc4 Nf6 28.Bh3 h5 29.Be6+ Kh7
30.Kg2 Rb7 31.Qd2 Ng4 32.Bxg4 hxg4 33.Nd4 Qf6 34.Ne6 Qf3+ 35.Kg1 Rf5 36.Nxc5 dxc5
37.Ne3 Rh5 38.d6 Rd7 39.Rd1 Re5 40.a5 Re6  1-0

[Event "Muenster op"]
[Site "Muenster"]
[Date "1991.??.??"]
[Round "6"]
[White "Gutman, Lev"]
[Black "Knaak, Rainer"]
[Result "1/2-1/2"]
[WhiteElo "2445"]
[BlackElo "2515"]

1.d4 Nf6 2.c4 d6 3.Nf3 g6 4.g3 Bg7 5.Bg2 O-O 6.O-O Nbd7 7.Nc3 e5 8.e4 exd4
9.Nxd4 Re8 10.h3 a6 11.Bg5 h6 12.Be3 Rb8 13.Qd2 c5 14.Nde2 Ne5 15.b3 Bxh3
16.Bxh6 Qd7 17.f3 b5 18.cxb5 axb5 19.Bxg7 Kxg7 20.Nf4 Bxg2 21.Kxg2 Rh8 22.Rh1 b4
23.Ncd5 Nxd5 24.Nxd5 Qe6 25.Rad1 Rxh1 26.Rxh1 Rh8 27.Rxh8 Kxh8 28.Qg5 Nc6
29.Nc7 Qe7 30.Qxe7 Nxe7 31.f4 f5 32.Kf3 Kg8 33.g4 Kf7 34.gxf5 gxf5 35.exf5 Nxf5
36.Ke4 Nd4 37.f5 Ne2  1/2-1/2

[Event "Nimes op"]
[Site "Nimes"]
[Date "1991.??.??"]
[Round "4"]
[White "Dautov, Rustem"]
[Black "Nijboer, Friso"]
[Result "1-0"]
[WhiteElo "2570"]
[BlackElo "2455"]

1.d4 Nf6 2.c4 g6 3.Nf3 Bg7 4.g3 O-O 5.Bg2 d6 6.O-O Nc6 7.Nc3 a6 8.h3 Rb8
9.Be3 b5 10.Nd2 Bd7 11.Rc1 Na5 12.cxb5 axb5 13.b4 Nc4 14.Nxc4 bxc4 15.b5 e6
16.a4 d5 17.Qd2 c6 18.Bf4 Rb7 19.Rb1 cxb5 20.axb5 Qb6 21.Be5 Ra7 22.Rb2 Rfa8
23.e4 Nxe4 24.Bxe4 dxe4 25.Nxe4 Rc8 26.Nf6+ Kh8 27.Qf4 c3 28.Rb4 c2 29.Rc1 Qd8
30.b6 Rb7 31.Qh4 h5 32.g4 Qf8 33.gxh5 Bxf6 34.hxg6+  1-0

[Event "Nimes op"]
[Site "Nimes"]
[Date "1991.??.??"]
[Round "6"]
[White "Dautov, Rustem"]
[Black "Foisor, Cristina Adela B"]
[Result "1-0"]
[WhiteElo "2570"]
[BlackElo "2350"]

1.d4 Nf6 2.c4 g6 3.Nf3 Bg7 4.g3 O-O 5.Bg2 d6 6.O-O c6 7.Nc3 Bf5 8.Nh4 Be6
9.d5 cxd5 10.cxd5 Bd7 11.Be3 Na6 12.Bd4 Qa5 13.a3 Rfc8 14.b4 Qd8 15.Qd2 Qf8
16.Rfc1 Ng4 17.Nf3 Nc7 18.Bxg7 Qxg7 19.Nd4 Qh6 20.Qxh6 Nxh6 21.e4 Ng4 22.Bf1 Nf6
23.f3 Kf8 24.Kf2 e5 25.dxe6 fxe6 26.Nb3 Ke7 27.Na5 b6 28.Nc4 Nb5 29.Nxb5 Bxb5
30.Nxb6 Rxc1 31.Rxc1 axb6 32.Bxb5 Rxa3 33.Rc7+ Kf8 34.Be2 Rb3 35.b5 Ke8 36.Rc6 Nd7
37.Rxd6 Ke7 38.Rxe6+ Kxe6 39.Bc4+ Kd6 40.Bxb3 Kc5 41.Bf7 Kd4 42.Be8 Ne5 43.Bc6 Nd3+
44.Ke2 g5 45.Bd5 h6 46.Be6 h5 47.Bf7 h4 48.Be6 Nc5 49.Bh3 hxg3 50.hxg3 Nd3
51.Bf1 Nc5 52.Bg2 Ne6 53.Kf2 Nc7 54.Bf1 Ne6 55.Bh3 Nc5 56.Bf5 Nd3+ 57.Ke2 Nc1+
58.Kd2 Nb3+ 59.Kc2 Nc5 60.Bc8 Nd3 61.Kd2 Ne5 62.Ke2 Nd3 63.Bb7 Nc1+ 64.Kd2 Nb3+
65.Kc2 Nc5 66.Bc6 Nd3 67.Kd2 Nc5 68.Ke2 Nd3 69.Ba8 Nc1+ 70.Kd2 Nb3+ 71.Kc2 Nc5
72.Bd5 Nd3 73.Kd2 Nc5 74.f4 gxf4 75.gxf4 Nd3 76.f5 Nc5 77.f6 Nd7 78.f7 Nf8
79.Ke2 Ng6 80.Kf3 Ke5 81.Kg4 Kf6 82.Kh5 Nf4+ 83.Kh6 Ke7 84.Bc4  1-0

[Event "NLD-ch"]
[Site "NLD"]
[Date "1991.??.??"]
[Round "3"]
[White "Piket, Jeroen"]
[Black "Nijboer, Friso"]
[Result "1-0"]
[WhiteElo "2590"]
[BlackElo "2465"]

1.d4 Nf6 2.Nf3 g6 3.c4 Bg7 4.g3 O-O 5.Bg2 d6 6.O-O a6 7.Nc3 Nc6 8.h3 Rb8
9.e4 Nd7 10.Bg5 h6 11.Be3 Na5 12.b3 b5 13.cxb5 axb5 14.Qd2 Kh7 15.Rfd1 e6
16.Rac1 b4 17.Ne2 Ba6 18.Nf4 e5 19.dxe5 Nxe5 20.Nxe5 Bxe5 21.Nd5 c5 22.Bxh6 Re8
23.Bg5 f6 24.Be3 Nc6 25.Kh2 Kg7 26.h4 Rh8 27.f4 Bd4 28.Bxd4 Nxd4 29.Qf2 Bb7
30.Rxd4 cxd4 31.Qxd4 Bxd5 32.Qxd5 Rh5 33.f5 g5 34.Rc6 Rb6 35.Rc2 Rh8 36.Qd4 gxh4
37.g4 Re8 38.g5 Re5 39.gxf6+ Kxf6 40.Bf3 Ra6 41.Rg2 h3 42.Qd2 Rxf5 43.exf5 hxg2
44.Qd4+ Kxf5 45.Qg4+  1-0

[Event "NLD-ch"]
[Site "NLD"]
[Date "1991.??.??"]
[Round "5"]
[White "Piket, Jeroen"]
[Black "Van Wely, Loek"]
[Result "0-1"]
[WhiteElo "2590"]
[BlackElo "2475"]

1.d4 Nf6 2.Nf3 g6 3.c4 Bg7 4.g3 O-O 5.Bg2 d6 6.O-O Nbd7 7.Qc2 e5 8.Rd1 exd4
9.Nxd4 Re8 10.Nc3 a6 11.b3 Rb8 12.Bb2 Ne5 13.Rd2 h5 14.Rf1 h4 15.Nd5 Nfd7
16.e4 hxg3 17.hxg3 Ng4 18.Re1 c6 19.Ne3 Nde5 20.Nxg4 Bxg4 21.f4 Nd7 22.Nf3 Nf6
23.e5 Bf5 24.Qd1 Ne4 25.Rd4 Nxg3 26.Rxd6 Qb6+ 27.Qd4 Qa5 28.Kf2 Nh5 29.Nh4 Bg4
30.c5 Re6 31.a4 b6 32.Rd8+ Rxd8 33.Qxd8+ Kh7 34.cxb6 Bf6 35.b4 Qxb4 36.Re4  0-1

[Event "Oberwart op"]
[Site "Oberwart"]
[Date "1991.??.??"]
[Round "?"]
[White "Fominyh, Alexander"]
[Black "Meurrens, Peter"]
[Result "1-0"]
[WhiteElo "2490"]
[BlackElo "2265"]

1.d4 g6 2.c4 Bg7 3.Nf3 d6 4.g3 Nf6 5.Bg2 O-O 6.O-O Nbd7 7.Nc3 e5 8.e4 exd4
9.Nxd4 Re8 10.Re1 Ng4 11.h3 Qf6 12.hxg4 Qxd4 13.Qxd4 Bxd4 14.Nd5 Bb6 15.b3 Ba5
16.b4 Bb6 17.Bf4 c6 18.Bxd6 cxd5 19.exd5 Rf8 20.c5 Bd8 21.Rac1 Nf6 22.Bxf8 Kxf8
23.g5 Ne8 24.d6 Rb8 25.b5 Ba5 26.Red1 Bg4 27.Rd4 Be2 28.a4 Ng7 29.c6 bxc6
30.bxc6 Ne6 31.Rd5  1-0

[Event "Oberwart op"]
[Site "Oberwart"]
[Date "1991.??.??"]
[Round "?"]
[White "Fominyh, Alexander"]
[Black "Mainka, Romuald"]
[Result "1-0"]
[WhiteElo "2490"]
[BlackElo "2445"]

1.d4 Nf6 2.Nf3 g6 3.c4 Bg7 4.g3 O-O 5.Bg2 d6 6.O-O Nbd7 7.Qc2 e5 8.Rd1 Re8
9.dxe5 dxe5 10.e4 c6 11.Be3 Ng4 12.Bc5 Bf8 13.Bxf8 Kxf8 14.c5 Qe7 15.Rc1 b6
16.h3 Ngf6 17.cxb6 axb6 18.Qxc6 Ba6 19.Qc2 Nc5 20.Nc3 Rad8 21.Bf1 Bxf1 22.Rxf1 Qe6
23.Kg2 Qc6 24.Rfe1 Rd4 25.Qe2 Rdd8 26.Qc4 Qb7 27.Re2 Kg7 28.Re3 Rc8 29.Qe2 Ne6
30.Rd1 Qb8 31.Nd5 Nd7 32.Qb5 Qb7 33.Nc3 Ndc5 34.b4 Nd7 35.Rxd7  1-0